[Event "Bosnjaci op 24th"]
[Site "Bosnjaci"]
[Date "2019.01.05"]
[Round "4"]
[White "Babic, Zdravko"]
[Black "Stocko, Josip"]
[Result "1/2-1/2"]
[WhiteElo "2190"]
[BlackElo "2282"]
[PlyCount "31"]
[EventDate "2019.01.03"]
[EventType "swiss"]
[EventRounds "9"]
[EventCountry "CRO"]
[SourceTitle "CBM 188 Extra"]
[Source "ChessBase"]
[SourceDate "2019.02.26"]
[SourceVersion "1"]
[SourceVersionDate "2019.02.26"]
[SourceQuality "1"]

1. e4 c5 2. Nf3 d6 3. d4 cxd4 4. Nxd4 Nf6 5. Nc3 a6 6. Bc4 e6 7. Bb3 Nbd7 8. f4 Nc5 9. f5 e5 10. Nde2 Qa5 11. Bd2 Qc7 12. Nd5 Nxd5 13. Bxd5 Nd7 14. Ng3 Nf6 15. Bb3 h6 16. 0-0 1/2-1/2